[Event "Junior Online 4NCL Division 5"]
[Site "online"]
[Date "2021.02.04"]
[Round "2.83"]
[White "Stavropoulos, Thiseas"]
[Black "Ali, Shahyan"]
[Result "0-1"]
[WhiteElo "850"]
[BlackElo "1335"]
[PlyCount "94"]
[EventDate "2021.02.04"]
[WhiteTeam "Leeds Juniors 3"]
[BlackTeam "KCJS 3"]

1. d4 d5 2. Nf3 Nc6 3. Bf4 Bf5 4. e3 a6 5. Bd3 Bxd3 6. Qxd3 e6 7. Qd1 Bd6 8.
Bg3 Nf6 9. Nbd2 Ne4 10. Nxe4 dxe4 11. Bxd6 Qxd6 12. Nd2 f5 13. Qh5+ Kd7 14.
Qf7+ Qe7 15. Qh5 Nb4 16. c3 Nc2+ 17. Ke2 Nxa1 18. Rxa1 g6 19. Qh6 Qf8 20. Qg5
Qg7 21. h4 h6 22. Qg3 Qf6 23. Nc4 g5 24. Ne5+ Kc8 25. hxg5 hxg5 26. Nc4 f4 27.
exf4 Qxf4 28. Qxf4 gxf4 29. Re1 Rh2 30. Kd1 Rxg2 31. Rxe4 Rxf2 32. Rxe6 Kd7 33.
Rg6 Rf8 34. Rg7+ Kd8 35. Ne5 f3 36. Rd7+ Kc8 37. Ke1 Rxb2 38. Rh7 f2+ 39. Kf1
Rb1+ 40. Ke2 f1=Q+ 41. Ke3 Qe1+ 42. Kd3 Rd1+ 43. Kc4 b5+ 44. Kc5 Kb7 45. Rh6
Qxc3+ 46. Kd5 Qxd4+ 47. Ke6 Qd6# 0-1

[Event "Junior Online 4NCL Division 5"]
[Site "online"]
[Date "2021.02.04"]
[Round "2.84"]
[White "Qiu, Winston"]
[Black "Braunstein, Yael"]
[Result "1-0"]
[WhiteElo "1240"]
[BlackElo "800"]
[PlyCount "87"]
[EventDate "2021.02.04"]
[WhiteTeam "KCJS 3"]
[BlackTeam "Leeds Juniors 3"]

1. c4 e5 2. Nc3 Nf6 3. Nf3 c6 4. Nxe5 d5 5. cxd5 cxd5 6. Nf3 Nc6 7. Qa4 Bf5 8.
Nd4 Bd7 9. Nxc6 Bxc6 10. Qb3 Bc5 11. e3 O-O 12. d4 Bd6 13. Bd3 Rc8 14. Bd2 Qc7
15. h4 Rfe8 16. h5 h6 17. O-O-O a6 18. f3 b5 19. a3 Qb6 20. Kb1 b4 21. Na2 a5
22. axb4 axb4 23. Bxb4 Bf8 24. Qa3 Rxe3 25. Bxf8 Rxf8 26. Nb4 Bd7 27. Nc2 Bc6
28. Nxe3 Ra8 29. Ba6 Rxa6 30. Qc3 Qb5 31. Rd2 Qa4 32. b3 Qa3 33. Rb2 Bb5 34.
Kc2 Rc6 35. Nc4 Bxc4 36. bxc4 Qa4+ 37. Qb3 Rxc4+ 38. Kd3 Rxd4+ 39. Ke3 Ng4+ 40.
fxg4 Re4+ 41. Kd3 Qd4+ 42. Kc2 Re3 43. Qb5 Qc3+ 44. Kb1 1-0

[Event "Junior Online 4NCL Division 5"]
[Site "online"]
[Date "2021.02.04"]
[Round "2.85"]
[White "Buanne, Giulio"]
[Black "Vyas, Miraya"]
[Result "1/2-1/2"]
[WhiteElo "1351"]
[BlackElo "1040"]
[PlyCount "97"]
[EventDate "2021.02.04"]
[WhiteTeam "KCJS 3"]
[BlackTeam "Leeds Juniors 3"]

1. e4 c5 2. d4 b6 3. d5 d6 4. Nc3 Nf6 5. Nf3 g6 6. Bc4 Bg7 7. O-O O-O 8. Be3
Kh8 9. Qd2 e6 10. Bh6 a6 11. e5 dxe5 12. Nxe5 Nh5 13. dxe6 Qxd2 14. Bxd2 Bxe5
15. exf7 b5 16. Bd5 Ra7 17. Bh6 Bg7 18. Bg5 Rd7 19. Be6 Rc7 20. Nd5 Rc6 21. Be7
Bxe6 22. Bxf8 Bxf8 23. Rad1 Bxf7 24. Rfe1 Bxd5 25. Rxd5 Rc8 26. h3 Nf4 27. Rde5
Nd7 28. R5e4 Nh5 29. Rd1 Nhf6 30. Re3 c4 31. c3 Bc5 32. Re2 Bf8 33. Re3 Nc5 34.
Rf3 Kg7 35. g4 h6 36. Rd4 Nce4 37. h4 Bc5 38. Rd1 Bxf2+ 39. Kf1 Nxg4 40. Rd7+
Kg8 41. Rff7 Nh2+ 42. Kg2 Ng4 43. Rg7+ Kh8 44. Rh7+ Kg8 45. Rdg7+ Kf8 46. Rf7+
Kg8 47. Rhg7+ Kh8 48. Rxg6 Rg8 49. h5 1/2-1/2

[Event "Junior Online 4NCL Division 5"]
[Site "online"]
[Date "2021.02.04"]
[Round "2.86"]
[White "Bharathidasan Vidhya, Shravan"]
[Black "Blicharz, Maks"]
[Result "0-1"]
[WhiteElo "962"]
[BlackElo "1337"]
[PlyCount "132"]
[EventDate "2021.02.04"]
[WhiteTeam "Leeds Juniors 3"]
[BlackTeam "KCJS 3"]

1. d4 d5 2. Bf4 Nc6 3. Nf3 Bf5 4. e3 Nf6 5. Bd3 Bg6 6. Nbd2 e6 7. O-O Bd6 8.
Bxg6 hxg6 9. Bg3 Nh5 10. c3 Nxg3 11. fxg3 g5 12. Qb3 Rb8 13. c4 g4 14. Nh4 Rxh4
15. gxh4 Qxh4 16. g3 Bxg3 17. hxg3 Qxg3+ 18. Kh1 Qh3+ 19. Kg1 g3 20. Nf3 g2 21.
Ng5 Qh1+ 22. Kf2 gxf1=Q+ 23. Rxf1 Qh4+ 24. Ke2 Qxg5 25. cxd5 Qxd5 26. Qd3 Ne7
27. Qh7 Qc4+ 28. Kf2 Kd7 29. Qxg7 Qc2+ 30. Kf3 Qf5+ 31. Kg3 Qxf1 32. Qe5 Nf5+
33. Kg4 Qg2+ 34. Kf4 Qh2+ 35. Ke4 Nd6+ 36. Kd3 Qxe5 37. dxe5 Nf5 38. Ke4 Kc6
39. Kf4 Rd8 40. e4 Rd4 41. Kf3 Nh4+ 42. Ke3 Kc5 43. b3 a5 44. a4 Rb4 45. Kd3
Rxb3+ 46. Kc2 Kc4 47. Kd2 Rc3 48. Ke2 Kd4 49. Kd2 Nf3+ 50. Ke2 Rd3 51. Kf2 Kxe4
52. Ke2 Ng1+ 53. Kf1 Nh3 54. Kg2 Rf3 55. Kh2 Kf4 56. Kg2 Ra3 57. Kh2 Rxa4 58.
Kxh3 b5 59. Kg2 b4 60. Kf2 b3 61. Ke2 b2 62. Kd2 b1=Q 63. Kc3 Qb4+ 64. Kd3 Ra3+
65. Kc2 Qc3+ 66. Kb1 Ra1# 0-1

[Event "Junior Online 4NCL Division 5"]
[Site "online"]
[Date "2021.02.04"]
[Round "2.87"]
[White "Ali, Shahyan"]
[Black "Stavropoulos, Thiseas"]
[Result "1-0"]
[WhiteElo "1335"]
[BlackElo "850"]
[PlyCount "107"]
[EventDate "2021.02.04"]
[WhiteTeam "KCJS 3"]
[BlackTeam "Leeds Juniors 3"]

1. e4 c6 2. Bc4 d5 3. exd5 cxd5 4. Bb5+ Bd7 5. Bxd7+ Nxd7 6. d3 e5 7. Nf3 e4 8.
dxe4 dxe4 9. Ng5 Ngf6 10. Nc3 h6 11. Ngxe4 Nxe4 12. Nxe4 Qe7 13. Qe2 Qb4+ 14.
Nd2+ Be7 15. a3 Qd6 16. Nc4 Qc6 17. Na5 Qxg2 18. Qf1 Qe4+ 19. Be3 b6 20. Nc4
O-O 21. Rg1 Bg5 22. Qg2 Qf5 23. Bxg5 hxg5 24. O-O-O Qf4+ 25. Ne3 Nc5 26. Kb1
Na4 27. Qxg5 Qxg5 28. Rxg5 f6 29. Rg4 Nc5 30. Nf5 g5 31. h4 Kh7 32. hxg5 Kg6
33. Ne7+ Kf7 34. gxf6 Kxf6 35. Nd5+ Kf5 36. Ne3+ Ke5 37. Nc4+ Kf5 38. Rg3 Kf4
39. Rd4+ Ne4 40. Nd2 Ke5 41. Rxe4+ Kd6 42. Rd3+ Kc6 43. Rc4+ Kb7 44. Rd7+ Ka6
45. Ra4+ Kb5 46. Rb4+ Kc6 47. Rdd4 b5 48. Ne4 a5 49. Rb3 a4 50. Rc3+ Kb6 51.
Rd6+ Ka5 52. b4+ axb3 53. cxb3 b4 54. Rc5# 1-0

[Event "Junior Online 4NCL Division 5"]
[Site "online"]
[Date "2021.02.04"]
[Round "2.88"]
[White "Braunstein, Yael"]
[Black "Qiu, Winston"]
[Result "0-1"]
[WhiteElo "800"]
[BlackElo "1240"]
[PlyCount "54"]
[EventDate "2021.02.04"]
[WhiteTeam "Leeds Juniors 3"]
[BlackTeam "KCJS 3"]

1. d4 d6 2. e4 Bd7 3. Nc3 Nf6 4. Nf3 Nc6 5. Bc4 e6 6. Bg5 Be7 7. d5 exd5 8.
Nxd5 Nxd5 9. exd5 Ne5 10. Bf4 Nxc4 11. Qe2 Nxb2 12. Ng5 O-O 13. h4 Bxg5 14.
hxg5 Re8 15. Be3 f6 16. Qh5 Bf5 17. g6 Bxg6 18. Qg4 f5 19. Qf4 Qf6 20. Kf1 Re4
21. Qf3 Nd3 22. Rd1 Qc3 23. cxd3 Ra4 24. Bd2 Qc2 25. Qe3 Re8 26. Qf4 Qxd1+ 27.
Be1 Qxe1# 0-1

[Event "Junior Online 4NCL Division 5"]
[Site "online"]
[Date "2021.02.04"]
[Round "2.91"]
[White "Stevens, Tobias"]
[Black "Innani, Nipun"]
[Result "0-1"]
[WhiteElo "1468"]
[BlackElo "1000"]
[PlyCount "122"]
[EventDate "2021.02.04"]
[WhiteTeam "Wanstead Warriors 2"]
[BlackTeam "KEGS C"]

1. e4 e5 2. Nf3 Nf6 3. Nxe5 Nc6 4. Nd3 Nxe4 5. Qe2 Qe7 6. Nc3 Nxc3 7. dxc3 d6
8. Bd2 Bd7 9. O-O-O O-O-O 10. Qxe7 Bxe7 11. Re1 h6 12. Be2 Bg5 13. Bxg5 hxg5
14. Bf3 Rde8 15. Re3 Rxe3 16. fxe3 Ne5 17. Nxe5 dxe5 18. Rf1 Rxh2 19. Be4 f6
20. g4 Bxg4 21. Rh1 Rxh1+ 22. Bxh1 Kd7 23. Kd2 c6 24. Kd3 Bf5+ 25. Be4 Bxe4+
26. Kxe4 Ke6 27. b3 f5+ 28. Kf3 e4+ 29. Kf2 Ke5 30. Kg3 f4+ 31. exf4+ gxf4+ 32.
Kf2 g5 33. c4 g4 34. a4 Kd4 35. b4 e3+ 36. Ke2 Kxc4 37. b5 g3 38. Kf3 cxb5 39.
axb5 a5 40. Kxf4 a4 41. Kxe3 a3 42. Kf3 a2 43. Kxg3 a1=Q 44. Kf3 Qc3+ 45. Ke4
Qxc2+ 46. Ke5 Kc5 47. Ke6 Qe2+ 48. Kd7 Qg4+ 49. Ke7 Qe4+ 50. Kf6 Kd5 51. Kf7
Kd6 52. Kf6 Qf3+ 53. Kg5 Ke5 54. Kg6 Qf5+ 55. Kg7 Qf6+ 56. Kg8 Qf1 57. Kg7 Qf6+
58. Kg8 Kf5 59. Kh7 Qg6+ 60. Kh8 Kf6 61. b6 Qg7# 0-1

[Event "Junior Online 4NCL Division 5"]
[Site "online"]
[Date "2021.02.04"]
[Round "2.92"]
[White "Owen, Joshua"]
[Black "Ta, Duc"]
[Result "1-0"]
[WhiteElo "1038"]
[BlackElo "1351"]
[PlyCount "43"]
[EventDate "2021.02.04"]
[WhiteTeam "KEGS C"]
[BlackTeam "Wanstead Warriors 2"]

1. e4 e6 2. Bb5 c6 3. Ba4 d5 4. Nc3 d4 5. Nce2 Bc5 6. Nf3 Nf6 7. d3 Qa5+ 8. Bd2
Qxa4 9. O-O O-O 10. e5 Ng4 11. b3 Qa3 12. Bc1 Qb4 13. Bf4 Bd7 14. c4 dxc3 15.
Qc1 f6 16. d4 Bb6 17. h3 Nh6 18. Bxh6 gxh6 19. Qxh6 Kh8 20. exf6 Qd6 21. Ng5
Kg8 22. Qxh7# 1-0

[Event "Junior Online 4NCL Division 5"]
[Site "online"]
[Date "2021.02.04"]
[Round "2.93"]
[White "Wieleba, Hugo"]
[Black "Bennett, Ben"]
[Result "1-0"]
[WhiteElo "1384"]
[BlackElo "1000"]
[PlyCount "109"]
[EventDate "2021.02.04"]
[WhiteTeam "Wanstead Warriors 2"]
[BlackTeam "KEGS C"]

1. c4 e5 2. g3 g6 3. Bg2 Bg7 4. Nc3 Nh6 5. d3 O-O 6. Nf3 Nc6 7. O-O d6 8. Be3
Bg4 9. Qd2 Bxf3 10. Bxf3 Nf5 11. Bxc6 bxc6 12. c5 Nxe3 13. Qxe3 d5 14. Qd2 d4
15. Ne4 h5 16. Rad1 a5 17. e3 a4 18. exd4 exd4 19. Rb1 a3 20. bxa3 Rxa3 21. Rb3
Rxb3 22. axb3 Re8 23. f3 Qb8 24. b4 f5 25. Nf2 Re7 26. g4 fxg4 27. fxg4 hxg4
28. Nxg4 Qc8 29. Qg5 Rf7 30. Rxf7 Kxf7 31. Nh6+ Bxh6 32. Qxh6 Qg4+ 33. Kh1 Qd1+
34. Kg2 Qxd3 35. Qh7+ Ke6 36. Qxc7 Qd2+ 37. Kg3 Qxb4 38. Qxc6+ Ke5 39. Qd6+ Ke4
40. Qxg6+ Kd5 41. Qf5+ Kc6 42. h4 Qxc5 43. Qxc5+ Kxc5 44. Kf3 Kc4 45. Ke2 Kc3
46. Kd1 Kb2 47. h5 d3 48. Kd2 Kb3 49. Kxd3 Kb4 50. Kd4 Kb5 51. Kd5 Kb6 52. Kd6
Kb7 53. h6 Kc8 54. h7 Kd8 55. h8=R# 1-0

[Event "Junior Online 4NCL Division 5"]
[Site "online"]
[Date "2021.02.04"]
[Round "2.94"]
[White "Havis, Adam"]
[Black "Mukherjee, Aradhya"]
[Result "0-1"]
[WhiteElo "800"]
[BlackElo "1337"]
[PlyCount "134"]
[EventDate "2021.02.04"]
[WhiteTeam "KEGS C"]
[BlackTeam "Wanstead Warriors 2"]

1. e4 e5 2. Nf3 Nc6 3. Bc4 Nf6 4. Nc3 Bc5 5. d3 h6 6. O-O Ng4 7. h3 Nxf2 8.
Rxf2 Bxf2+ 9. Kxf2 d6 10. d4 exd4 11. Nxd4 Nxd4 12. Qxd4 O-O 13. b3 Qh4+ 14.
Kg1 Qe1+ 15. Kh2 Be6 16. Bxe6 fxe6 17. Na4 e5 18. Qd5+ Rf7 19. Qxb7 Raf8 20.
Qd5 Kh7 21. Qd2 Qxe4 22. Bb2 Qh4 23. Qe1 Qf4+ 24. Kg1 g5 25. Nc3 g4 26. Ne2 Qg5
27. Bc1 Qg8 28. Qd2 Rf1+ 29. Kh2 g3+ 30. Nxg3 R1f6 31. Nh5 Rg6 32. g4 Rg5 33.
Qe3 a6 34. Kg3 Qg6 35. Kh2 Qf7 36. Bd2 Qf2+ 37. Qxf2 Rxf2+ 38. Kg3 Rxd2 39. Rf1
Rxc2 40. Rf7+ Kg8 41. Rd7 Rxa2 42. h4 Rg6 43. Rxc7 Ra3 44. g5 hxg5 45. hxg5
Rxg5+ 46. Kh4 Rg1 47. Nf6+ Kf8 48. Nh7+ Ke8 49. Nf6+ Kd8 50. Rh7 Rh1+ 51. Kg5
Rxh7 52. Nxh7 Rxb3 53. Kf6 a5 54. Ke6 a4 55. Kxd6 a3 56. Kxe5 a2 57. Kd4 a1=Q+
58. Kc4 Qc3+ 59. Kd5 Rb4 60. Kd6 Rd4+ 61. Ke6 Qe3+ 62. Kf7 Rf4+ 63. Nf6 Qe7+
64. Kg6 Qxf6+ 65. Kh7 Rh4+ 66. Kg8 Rg4+ 67. Kh7 Qh4# 0-1

[Event "Junior Online 4NCL Division 5"]
[Site "online"]
[Date "2021.02.04"]
[Round "2.95"]
[White "Innani, Nipun"]
[Black "Stevens, Tobias"]
[Result "0-1"]
[WhiteElo "1000"]
[BlackElo "1468"]
[PlyCount "60"]
[EventDate "2021.02.04"]
[WhiteTeam "KEGS C"]
[BlackTeam "Wanstead Warriors 2"]

1. e4 e6 2. d4 d5 3. e5 c5 4. Nf3 Nc6 5. Bb5 Bd7 6. Be3 Nxe5 7. Bxd7+ Nxd7 8.
Nc3 Ngf6 9. Bg5 Be7 10. O-O O-O 11. Re1 cxd4 12. Qxd4 Re8 13. Ne5 Nxe5 14. Rxe5
h6 15. Bxh6 gxh6 16. g4 a6 17. g5 hxg5 18. Rxg5+ Kf8 19. Qh4 Ng8 20. Qh8 Bxg5
21. Kg2 Bf6 22. Qh5 Bxc3 23. bxc3 Rc8 24. Rg1 Rxc3 25. Kf1 Rxc2 26. Qh7 Rc1+
27. Kg2 Rxg1+ 28. Kxg1 Qf6 29. Qb1 Qg6+ 30. Qxg6 fxg6 0-1

[Event "Junior Online 4NCL Division 5"]
[Site "online"]
[Date "2021.02.04"]
[Round "2.96"]
[White "Ta, Duc"]
[Black "Owen, Joshua"]
[Result "1/2-1/2"]
[WhiteElo "1351"]
[BlackElo "1038"]
[PlyCount "133"]
[EventDate "2021.02.04"]
[WhiteTeam "Wanstead Warriors 2"]
[BlackTeam "KEGS C"]

1. d4 d5 2. Bf4 Nf6 3. e3 Bf5 4. c4 e6 5. Nc3 Bb4 6. Qd2 Ne4 7. Qc1 dxc4 8.
Bxc4 O-O 9. Nf3 Nc6 10. a3 Ba5 11. b4 Bb6 12. O-O Bxd4 13. exd4 Nxd4 14. Ne1
Nxc3 15. Qxc3 Ne2+ 16. Bxe2 h6 17. Qxc7 Qd4 18. Qe5 Qxe5 19. Bxe5 a5 20. bxa5
Rxa5 21. Bd6 Rd8 22. Bb4 Re5 23. Bf3 b6 24. Rd1 Rxd1 25. Bxd1 Rd5 26. Nf3 Bd3
27. Re1 Be4 28. Rxe4 Rxd1+ 29. Re1 Rd3 30. Ne5 Rd4 31. h3 Rd5 32. f4 f6 33. Nc4
b5 34. Ne3 Rd4 35. g3 e5 36. fxe5 fxe5 37. Rd1 Re4 38. Nd5 g5 39. Re1 Rd4 40.
Rxe5 Rd1+ 41. Kf2 Rh1 42. Kg2 Ra1 43. Re2 Kf7 44. Nc7 Kf6 45. Nxb5 Rd1 46. a4
Kf5 47. a5 Rc1 48. Ra2 g4 49. hxg4+ Kxg4 50. a6 Rc8 51. a7 Ra8 52. Nc7 Rxa7 53.
Rxa7 h5 54. Ra4 h4 55. gxh4 Kxh4 56. Bd2+ Kh5 57. Kg3 Kg6 58. Kg4 Kf6 59. Ra5
Ke7 60. Kf5 Kd6 61. Ke4 Kc6 62. Kd4 Kb6 63. Rc5 Kb7 64. Kd5 Kb6 65. Kd6 Kb7 66.
Rb5+ Kc8 67. Ne6 1/2-1/2

[Event "Junior Online 4NCL Division 5"]
[Site "online"]
[Date "2021.02.04"]
[Round "2.97"]
[White "Bennett, Ben"]
[Black "Wieleba, Hugo"]
[Result "1-0"]
[WhiteElo "1000"]
[BlackElo "1384"]
[PlyCount "55"]
[EventDate "2021.02.04"]
[WhiteTeam "KEGS C"]
[BlackTeam "Wanstead Warriors 2"]

1. e4 e5 2. Nc3 Nf6 3. Nf3 Nc6 4. Bb5 d6 5. O-O Bd7 6. b3 g6 7. Ba3 Bg7 8. Ng5
O-O 9. Nd5 Nxd5 10. exd5 Nd4 11. Bxd7 Qxd7 12. h4 h6 13. Nh3 Qb5 14. h5 Qxd5
15. hxg6 fxg6 16. c3 Nb5 17. Bb2 Qc6 18. c4 Nd4 19. Bxd4 exd4 20. Qe1 Rae8 21.
Qd1 Re4 22. Re1 Rg4 23. Qxg4 h5 24. Qe6+ Kh8 25. Qxg6 Rxf2 26. Nxf2 d5 27. Re8+
Bf8 28. Rxf8# 1-0

[Event "Junior Online 4NCL Division 5"]
[Site "online"]
[Date "2021.02.04"]
[Round "2.98"]
[White "Mukherjee, Aradhya"]
[Black "Havis, Adam"]
[Result "1-0"]
[WhiteElo "1337"]
[BlackElo "800"]
[PlyCount "93"]
[EventDate "2021.02.04"]
[WhiteTeam "Wanstead Warriors 2"]
[BlackTeam "KEGS C"]

1. e4 e5 2. d4 exd4 3. c3 dxc3 4. Bc4 cxb2 5. Bxb2 Bb4+ 6. Nc3 Nf6 7. f3 O-O 8.
e5 Ne8 9. f4 d6 10. Nf3 Qe7 11. O-O Bc5+ 12. Kh1 dxe5 13. Re1 Bg4 14. Rxe5 Bxf3
15. Qxf3 Qd6 16. Nb5 Qd2 17. Rxc5 Qxb2 18. Rg1 Nd6 19. Nxc7 Rc8 20. Qd5 Nd7 21.
Qxd6 Nxc5 22. Qxc5 b6 23. Qc6 Rab8 24. Qd7 h6 25. Qxf7+ Kh7 26. Bd3+ Kh8 27.
Qf5 Kg8 28. Bc4+ Kh8 29. Bd3 Kg8 30. Qh7+ Kf7 31. Bc4+ Kf6 32. Nd5+ Ke6 33.
Qg6+ Kd7 34. Qf7+ Kc6 35. Qe6+ Kc5 36. Ne7 Rc7 37. Qd5+ Kb4 38. Qb5+ Kc3 39.
Nd5+ Kc2 40. Bd3+ Kd2 41. Qxb2+ Kxd3 42. Nxc7 Rd8 43. Rd1+ Ke3 44. Rxd8 Kxf4
45. Qxg7 Ke3 46. Re8+ Kf2 47. Qf6# 1-0

[Event "Junior Online 4NCL Division 5"]
[Site "online"]
[Date "2021.02.04"]
[Round "2.101"]
[White "Song, Ruien"]
[Black "Atkinson, Matthew"]
[Result "1-0"]
[WhiteElo "827"]
[BlackElo "1255"]
[PlyCount "57"]
[EventDate "2021.02.04"]
[WhiteTeam "London Dragons Queens"]
[BlackTeam "SASCA Sharks"]

1. e4 e5 2. d4 Nc6 3. d5 Nd4 4. c3 Qh4 5. cxd4 Qxe4+ 6. Ne2 exd4 7. f3 Qxd5 8.
Nxd4 Bb4+ 9. Nc3 Qe5+ 10. Be2 c5 11. Nb3 Bxc3+ 12. bxc3 Qxc3+ 13. Bd2 Qe5 14.
O-O b6 15. Bb5 Qd6 16. Re1+ Ne7 17. Qc2 O-O 18. Qe4 Ng6 19. Qxa8 Ne5 20. Bc3 c4
21. Bxe5 Qc7 22. Bxc7 d5 23. Nd4 Ba6 24. Bxa6 Rxa8 25. Bb7 Rf8 26. Nc6 f6 27.
Bd6 Rf7 28. Re8+ Rf8 29. Rxf8# 1-0

[Event "Junior Online 4NCL Division 5"]
[Site "online"]
[Date "2021.02.04"]
[Round "2.102"]
[White "Krajci, Patrik"]
[Black "Liu, Zhengzheng"]
[Result "0-1"]
[WhiteElo "1170"]
[BlackElo "780"]
[PlyCount "110"]
[EventDate "2021.02.04"]
[WhiteTeam "SASCA Sharks"]
[BlackTeam "London Dragons Queens"]

1. e4 c5 2. Nf3 d6 3. d4 cxd4 4. Nxd4 Nf6 5. Nc3 a6 6. Bg5 e5 7. Nf3 Be7 8.
Bxf6 Bxf6 9. Bd3 O-O 10. O-O Nc6 11. Re1 Re8 12. Qd2 g6 13. Nd5 Bg7 14. Bc4 Be6
15. a3 Na5 16. Ba2 b5 17. Ng5 Nc4 18. Bxc4 bxc4 19. b3 cxb3 20. cxb3 Bh6 21. h4
Bxd5 22. exd5 Bxg5 23. Qxg5 Qxg5 24. hxg5 Kg7 25. Re2 Rac8 26. Rae1 Rc3 27. f4
Rxb3 28. fxe5 dxe5 29. Rxe5 Rxe5 30. Rxe5 Rxa3 31. d6 Rd3 32. Re7 Rxd6 33. Kf2
Rd8 34. Ke3 Ra8 35. Ke4 a5 36. Ke5 a4 37. Kd5 a3 38. Re1 Rd8+ 39. Kc4 Ra8 40.
Ra1 a2 41. Kb3 h6 42. gxh6+ Kxh6 43. Rxa2 Rxa2 44. Kxa2 Kg5 45. Kb3 Kg4 46. Kc4
Kg3 47. Kd5 Kxg2 48. Ke5 Kg3 49. Kf6 Kg4 50. Kxf7 Kf5 51. Kg7 g5 52. Kh6 g4 53.
Kh5 g3 54. Kh4 g2 55. Kh3 g1=Q 0-1

[Event "Junior Online 4NCL Division 5"]
[Site "online"]
[Date "2021.02.04"]
[Round "2.103"]
[White "Gan, Mark"]
[Black "Harper, Luke"]
[Result "1/2-1/2"]
[WhiteElo "820"]
[BlackElo "1166"]
[PlyCount "125"]
[EventDate "2021.02.04"]
[WhiteTeam "London Dragons Queens"]
[BlackTeam "SASCA Sharks"]

1. e4 e5 2. Nf3 Nc6 3. Bc4 Bc5 4. c3 h6 5. d4 exd4 6. cxd4 Bb4+ 7. Nc3 Nf6 8.
e5 Ne4 9. Bd2 Nxd2 10. Qxd2 Bxc3 11. bxc3 O-O 12. Rb1 d6 13. exd6 Re8+ 14. Be2
Qxd6 15. O-O Bf5 16. Rxb7 Rab8 17. Rxb8 Rxb8 18. Rc1 Rb1 19. Rxb1 Bxb1 20. Qb2
Qe6 21. Qxb1 Qxe2 22. h3 Qe8 23. Qe1 Qe7 24. Qxe7 Nxe7 25. Kf1 Nd5 26. a3 Nxc3
27. Ke1 Kf8 28. Kd2 Ne4+ 29. Kd3 Nxf2+ 30. Ke3 Nd1+ 31. Kd2 Nb2 32. Kc2 Nc4 33.
Kb3 Nb6 34. Ne5 Ke8 35. a4 f6 36. Nc6 Nc8 37. Kc4 Kd7 38. Kc5 Nb6 39. Nxa7
Nxa4+ 40. Kb4 Nb6 41. Nb5 Nd5+ 42. Kc5 Ne7 43. g4 Ng6 44. Nc3 Nf4 45. h4 Ng2
46. h5 Ne3 47. Ne2 Nxg4 48. Ng3 Ke6 49. Kc6 Ne3 50. Kxc7 Kd5 51. Kd7 Kxd4 52.
Ke6 Nd5 53. Nf5+ Ke4 54. Nxg7 Nf4+ 55. Kxf6 Nd5+ 56. Kg6 Ke5 57. Kxh6 Nf4 58.
Kg5 Nh3+ 59. Kg4 Nf2+ 60. Kg5 Nh3+ 61. Kg6 Nf4+ 62. Kg5 Nxh5 63. Kxh5 1/2-1/2

[Event "Junior Online 4NCL Division 5"]
[Site "online"]
[Date "2021.02.04"]
[Round "2.104"]
[White "Dewis, Oliver"]
[Black "Pan, Ailun"]
[Result "0-1"]
[WhiteElo "903"]
[BlackElo "750"]
[PlyCount "94"]
[EventDate "2021.02.04"]
[WhiteTeam "SASCA Sharks"]
[BlackTeam "London Dragons Queens"]

1. d4 d5 2. c4 Nf6 3. e3 c5 4. Nd2 Nc6 5. Ngf3 Bf5 6. Be2 e6 7. cxd5 exd5 8.
dxc5 Bxc5 9. O-O O-O 10. Ng5 h6 11. Nh3 Bxh3 12. gxh3 Qc8 13. Bg4 Nxg4 14. hxg4
Ne5 15. b3 Nxg4 16. Bb2 h5 17. Qf3 Qc7 18. Qg2 Bd6 19. h3 Ne5 20. Nf3 Nxf3+ 21.
Kh1 Be5 22. Bxe5 Nxe5 23. Qg3 Rfe8 24. Rg1 g6 25. f4 Nd3 26. f5 Qxg3 27. Rxg3
Nf2+ 28. Kg1 Ne4 29. Rg2 Rac8 30. fxg6 fxg6 31. Rxg6+ Kh7 32. Rg2 Rg8 33. Rd1
Rxg2+ 34. Kxg2 Rg8+ 35. Kf3 Nc3 36. Rd2 Rf8+ 37. Kg2 Re8 38. Kf3 Kg6 39. Rg2+
Kf5 40. Rd2 b5 41. Rd3 Rc8 42. h4 b4 43. a4 bxa3 44. Rd2 a2 45. e4+ dxe4+ 46.
Ke3 a1=Q 47. Rd4 Qe1# 0-1

[Event "Junior Online 4NCL Division 5"]
[Site "online"]
[Date "2021.02.04"]
[Round "2.105"]
[White "Atkinson, Matthew"]
[Black "Song, Ruien"]
[Result "0-1"]
[WhiteElo "1255"]
[BlackElo "827"]
[PlyCount "120"]
[EventDate "2021.02.04"]
[WhiteTeam "SASCA Sharks"]
[BlackTeam "London Dragons Queens"]

1. e4 c5 2. b3 d6 3. Bc4 Nf6 4. d3 g6 5. Bb2 Bg7 6. Nf3 O-O 7. Nc3 Nc6 8. Qd2
e5 9. O-O-O Nd4 10. Nxd4 cxd4 11. Nb5 a6 12. Na3 b5 13. Bd5 Nxd5 14. exd5 Qb6
15. c4 a5 16. Nxb5 Bd7 17. Na3 a4 18. Qc2 Rfb8 19. Rd2 Bh6 20. Rhd1 Bxd2+ 21.
Rxd2 axb3 22. axb3 Qxb3 23. Nb5 Qxc2+ 24. Rxc2 Bxb5 25. cxb5 Rxb5 26. Kd2 Ra2
27. Bc1 Rxc2+ 28. Kxc2 Rc5+ 29. Kd2 Rxd5 30. Ba3 Ra5 31. Bxd6 Ra2+ 32. Ke1 Kg7
33. Bxe5+ Kh6 34. Bxd4 Kg5 35. Be3+ Kf5 36. g3 Ke5 37. Kf1 f5 38. Kg2 Ra3 39.
Bf4+ Kd4 40. Be3+ Kxd3 41. Kf3 Kc4 42. Kf4 Kd5 43. Kg5 Ke6 44. Kh6 Kf6 45. Kxh7
g5 46. Kh6 Ra8 47. Bxg5+ Kf7 48. Kh5 Rh8+ 49. Bh6 Kf6 50. h3 Kf7 51. Kg5 Ke6
52. g4 Rg8+ 53. Kf4 fxg4 54. hxg4 Rg6 55. Bg5 Rg8 56. Bh4 Rf8+ 57. Kg3 Ke5 58.
f4+ Rxf4 59. Bg5 Ra4 60. Kh4 Ke4 0-1

[Event "Junior Online 4NCL Division 5"]
[Site "online"]
[Date "2021.02.04"]
[Round "2.106"]
[White "Liu, Zhengzheng"]
[Black "Krajci, Patrik"]
[Result "1-0"]
[WhiteElo "780"]
[BlackElo "1170"]
[PlyCount "65"]
[EventDate "2021.02.04"]
[WhiteTeam "London Dragons Queens"]
[BlackTeam "SASCA Sharks"]

1. e4 e6 2. d4 d5 3. Nc3 Bb4 4. exd5 exd5 5. Bd2 Ne7 6. a3 Bxc3 7. Bxc3 b6 8.
Qd2 c5 9. dxc5 bxc5 10. Bb5+ Bd7 11. Bxd7+ Qxd7 12. O-O-O d4 13. b3 dxc3 14.
Qxc3 Qc6 15. Qxg7 Rg8 16. Qxh7 Rxg2 17. Re1 Nd7 18. Qh8+ Nf8 19. Qh3 Rxf2 20.
Qe3 Qf6 21. Nh3 Rf3 22. Qg5 Qxg5+ 23. Nxg5 Rf5 24. Ne4 Rc8 25. Nd6+ Kd7 26.
Nxc8 Kxc8 27. Rxe7 Nd7 28. Rhe1 a5 29. Re8+ Kc7 30. R8e7 Rf2 31. Rd1 Kc8 32.
Rexd7 Rxh2 33. Rxf7 1-0

[Event "Junior Online 4NCL Division 5"]
[Site "online"]
[Date "2021.02.04"]
[Round "2.107"]
[White "Harper, Luke"]
[Black "Gan, Mark"]
[Result "0-1"]
[WhiteElo "1166"]
[BlackElo "820"]
[PlyCount "54"]
[EventDate "2021.02.04"]
[WhiteTeam "SASCA Sharks"]
[BlackTeam "London Dragons Queens"]

1. e4 c5 2. Nf3 d6 3. Nc3 Nf6 4. Bb5+ Nc6 5. d4 cxd4 6. Nxd4 Bd7 7. Nd5 e6 8.
Nxf6+ Qxf6 9. Nxc6 Bxc6 10. Bxc6+ bxc6 11. O-O Be7 12. Be3 Qxb2 13. Bd4 Qb5 14.
Bxg7 Rg8 15. Bh6 Bg5 16. Bxg5 Qxg5 17. g3 Rd8 18. Qd4 c5 19. Qa4+ Rd7 20. Rab1
Qd8 21. Rfd1 Ke7 22. e5 d5 23. Qh4+ Kf8 24. Rb8 Qxb8 25. Qh6+ Ke8 26. Qxh7 Rf8
27. c3 Qxe5 0-1

[Event "Junior Online 4NCL Division 5"]
[Site "online"]
[Date "2021.02.04"]
[Round "2.108"]
[White "Pan, Ailun"]
[Black "Dewis, Oliver"]
[Result "1-0"]
[WhiteElo "750"]
[BlackElo "903"]
[PlyCount "65"]
[EventDate "2021.02.04"]
[WhiteTeam "London Dragons Queens"]
[BlackTeam "SASCA Sharks"]

1. e4 e5 2. Nf3 Nc6 3. Bc4 Nf6 4. Nc3 Bd6 5. O-O O-O 6. d3 Nd4 7. Bg5 Nxf3+ 8.
Qxf3 h6 9. Bxf6 Qxf6 10. Qxf6 gxf6 11. Nd5 c6 12. Nxf6+ Kg7 13. Nh5+ Kg6 14.
Ng3 b5 15. Bb3 c5 16. c4 bxc4 17. Bxc4 Kh7 18. Nf5 Kg6 19. Nxd6 Rg8 20. Bxf7+
Kg7 21. Bxg8 Kxg8 22. Nxc8 Rxc8 23. Rac1 Rf8 24. Rxc5 d6 25. Rc7 Rf7 26. Rc6
Rf6 27. Rfc1 d5 28. Rxf6 dxe4 29. dxe4 Kg7 30. Ra6 h5 31. Rc7+ Kf8 32. Raxa7
Ke8 33. Ra8# 1-0

[Event "Junior Online 4NCL Division 5"]
[Site "online"]
[Date "2021.02.04"]
[Round "2.111"]
[White "Tengayev, Arman"]
[Black "Cooney, Lorcan"]
[Result "1-0"]
[WhiteElo "1405"]
[BlackElo "1255"]
[PlyCount "129"]
[EventDate "2021.02.04"]
[WhiteTeam "Desert Penguins Jupiter"]
[BlackTeam "St. Laurence's BNS 1"]

1. d4 d5 2. c4 e6 3. Nc3 Nf6 4. Nf3 b6 5. Bg5 Bb7 6. e3 c5 7. cxd5 exd5 8. dxc5
Bxc5 9. Nd4 Qd6 10. Bf4 Qd8 11. Bb5+ Nbd7 12. Bg5 O-O 13. O-O Qe7 14. Bxd7 Qxd7
15. Bxf6 gxf6 16. Nce2 Qg4 17. Ng3 Qxd1 18. Rfxd1 Bxd4 19. Rxd4 Kh8 20. Nh5 f5
21. Rad1 Rg8 22. Nf6 Rg6 23. Nxd5 Rd8 24. Nf4 Rxd4 25. Nxg6+ hxg6 26. Rxd4 Bc6
27. a3 Kg7 28. Rd6 Bb5 29. f4 Bc4 30. Kf2 Ba6 31. Ke1 Bc4 32. Kd2 Bf1 33. g3
Bg2 34. Rd7 a5 35. Rd6 b5 36. Kc3 Bf1 37. b3 a4 38. bxa4 bxa4 39. Kb4 Bg2 40.
Kxa4 Be4 41. Kb4 Kf8 42. a4 Ke7 43. Rb6 Kd7 44. a5 Kc7 45. Kc5 Bf3 46. Rb2 Be4
47. a6 Bd3 48. a7 Be4 49. Rb4 Bf3 50. e4 Bxe4 51. Rxe4 fxe4 52. a8=Q e3 53. Qa3
e2 54. Qc1 f6 55. Qd2 g5 56. fxg5 fxg5 57. Qxe2 Kd7 58. Qe5 g4 59. Qf6 Kc7 60.
Qe6 Kb7 61. Qd6 Ka8 62. Qe7 Kb8 63. Kc6 Ka8 64. Kb6 Kb8 65. Qb7# 1-0